100 câu hỏi và đáp quan trọng dành cho cán bộ thú y và người chăn nuôi gà

Wedi'i Gadw mewn:
Manylion Llyfryddiaeth
Prif Awdur: Lê, Văn Năm
Fformat: Llyfr
Iaith:Undetermined
Cyhoeddwyd: Hà Nội Lao động Xã hội 2005
Pynciau:
Tagiau: Ychwanegu Tag
Dim Tagiau, Byddwch y cyntaf i dagio'r cofnod hwn!
Thư viện lưu trữ: Trung tâm Học liệu Trường Đại học Cần Thơ
LEADER 00664nam a2200205Ia 4500
001 CTU_74392
008 210402s9999 xx 000 0 und d
020 |c 36000 
082 |a 636.5089 
082 |b N114 
100 |a Lê, Văn Năm 
245 0 |a 100 câu hỏi và đáp quan trọng dành cho cán bộ thú y và người chăn nuôi gà 
245 0 |c Lê Văn Năm, Lê Văn Tạo 
260 |a Hà Nội 
260 |b Lao động Xã hội 
260 |c 2005 
650 |a Poultry,Poultry,Veterinary medicine 
650 |x Bbreeding,Diseases 
904 |i Năm 
980 |a Trung tâm Học liệu Trường Đại học Cần Thơ